Η βεντέτα στη σύγχρονη ορεινή κεντρική Κρήτη

Αποθηκεύτηκε σε:
Λεπτομέρειες βιβλιογραφικής εγγραφής
Κύριος συγγραφέας: Τσαντηρόπουλος, Άρης, 1965-
Άλλοι συγγραφείς: Νικολακάκης, Γιώργος (Συγγραφέας εισαγωγής κ.λπ.)
Μορφή: Βιβλίο
Γλώσσα:Greek
Δημοσίευση: Αθήνα : Πλέθρον, c2004.
Σειρά:Λαϊκός πολιτισμός. Τοπικές κοινωνίες (Πλέθρον)
Θέματα:
Ετικέτες: Προσθήκη ετικέτας
Δεν υπάρχουν, Καταχωρήστε ετικέτα πρώτοι!

MARC

LEADER 00000cam a2200000 i 4500
001 1/73600
008 050316s2004####gr | ||| |||| ||gre||
020 |a 9603481378 
035 |l 10077138 
040 |a GR-MyUa  |b gre  |e AACR2 
041 0 |a gre 
082 7 |a 303.36   |2 (21) 
082 7 |a 364.256   |2 (23) 
100 1 |a Τσαντηρόπουλος, Άρης,   |d 1965- 
245 1 2 |a Η βεντέτα στη σύγχρονη ορεινή κεντρική Κρήτη /   |c Άρης Τσαντηρόπουλος ; προλογικό σημείωμα: Γιώργος Νικολακάκης.  
260 |a Αθήνα :   |b Πλέθρον,   |c c2004.  
300 |a 318 σ. ;   |c 21 εκ.  
490 1 |a (Λαϊκός πολιτισμός. Τοπικές κοινωνίες / Πλέθρον) 
504 |a Περιέχει βιβλιογραφικές αναφορές και ευρετήριο.  
650 0 |a Vendetta  |z Greece  |z Crete. 
650 0 |a Revenge  |z Greece  |z Crete. 
651 0 |a Crete (Greece)  |x Social life and customs. 
700 1 |a Νικολακάκης, Γιώργος,  |e aui 
830 0 |a Λαϊκός πολιτισμός.   |p Τοπικές κοινωνίες (Πλέθρον) 
852 |a INST  |b LESVOS  |e 20050316  |h 303.36 ΤΣΑ  |p 005100030941  |q 005100030941  |t BK  |y 0 
852 |a INST  |b LESVOS  |e 20080417  |h 303.36 ΤΣΑ  |p 005100039630  |q 005100039630  |t BK  |y 0 
852 |a INST  |b RHODES  |e 20211109  |h 303.36 ΤΣΑ  |p 005400042375  |q 005400042375  |t BK  |y 0 
852 |a INST  |b SAMOS  |e 20171018  |h 303.36 ΤΣΑ  |p 005300044926  |q 005300044926  |t BK  |y 0 
852 |a INST  |b SYROS  |c EUDOXUS  |e 20220117  |h 364.256 ΤΣΑ  |p 005500015138  |q 005500015138  |t EDX  |y 0 
901 |a BIBL1-2005-1 
901 |a BIBL1-2008-1 
920 |a Εύδοξος  |b Επιστροφή  |y Σύρος  |z 2021-11 
922 |a 1ΕΛΗ  |b 200711  |c ΕΠΕΑΕΚ2/ΤΚΑ  |d Σ. ΠΑΤΑΚΗΣ 
970 |a ΤΖΑΦΕΡΗ  |b ΕΥΑΓΓΕΛΙΑ  |z 2005/03/16